| 000 | 00512nam a2200181Ia 4500 | ||
|---|---|---|---|
| 003 | IN-BaIIA | ||
| 008 | 211028s9999 xx 000 0 eng d | ||
| 040 | _cIIA Library | ||
| 080 |
_a524.5 _bMIN |
||
| 100 |
_aMineur, Henri _91296 |
||
| 245 | 0 |
_aL'Espace Interstellaire _cHenri Mineur |
|
| 260 |
_aParis _bPresses Universitaires De France _c1947 |
||
| 300 | _a276p. | ||
| 650 | _aAstronomy and Astrophysics Thesaurus | ||
| 650 |
_aCircumstellar Matter _91297 |
||
| 650 |
_aInterstellar Matter _91189 |
||
| 942 | _cBK | ||
| 999 |
_c584 _d584 |
||